000 00687nam a22002171 4500
001 sa 68017182
003 DLC
005 20260227112700.0
008 820311s1967 ii a b 00010 eng
010 _asa 68017182
025 _aPL480:I-E-10130
050 0 _aND1640
_b.A5
082 0 _a751.6
100 1 0 _aAgrawal, Om Prakash,
_d1931-
245 1 3 _aAn introduction to preservation of paintings
_c[by] O.P. Agrawal.
260 0 _aBaroda,
_bDept. of Museology, Faculty of Fine Arts, Maharaja Sayajirao University of Baroda,
_c1967.
300 _a40 p.
_billus.
_c25 cm.
350 _a2.50
504 _aBibliography: p. [39]-40.
650 0 _aPainting
_xConservation and preservation.
999 _c87567
_d87567